=LDR 00000nam 2200000 4500 =001 INLIS00000000000100 =005 20260702043538 =020 ##$$a 978-979-039-827-6 =082 ##$$a 899.221 =100 1#$$a Noorsari, Oky E. =245 1 $$a Serial Membangun Keakraban Keluarga: Adik Kesayangan /$c Oky E. Noorsari =300 ##$$a 24 ; 20x20